[Event "Salon de Provence op 1st"]
[Site "Salon de Provence"]
[Date "2006.04.27"]
[Round "5"]
[White "Ayala, Benjamin"]
[Black "Brunie, Luce"]
[Result "1-0"]
[WhiteElo "1490"]
[BlackElo "1420"]
[PlyCount "99"]
[EventDate "2006.04.24"]
[EventType "swiss"]
[EventRounds "7"]
[EventCountry "FRA"]
[SourceTitle "CBM 112 Extra"]
[Source "ChessBase"]
[SourceDate "2006.07.14"]
[SourceVersion "1"]
[SourceVersionDate "2006.07.14"]
[SourceQuality "1"]

1. e4 e6 2. Nf3 d5 3. exd5 exd5 4. d4 Nf6 5. Nc3 Bb4 6. Bd2 0-0 7. Bd3 Bg4 8. h3 Re8+ 9. Be3 Bxc3+ 10. bxc3 Bh5 11. Be2 Nbd7 12. c4 c6 13. 0-0 Bg6 14. Bg5 h6 15. Bh4 Qa5 16. Bxf6 Nxf6 17. Ne5 Bh7 18. cxd5 Nxd5 19. Bh5 Re7 20. Rb1 Nf6 21. Bxf7+ Rxf7 22. Nxf7 Kxf7 23. Rxb7+ Kg8 24. Qb1 Qd8 25. Qb3+ Kh8 26. Qf7 Qf8 27. Qxf8+ Rxf8 28. Rxa7 Bxc2 29. Re1 Be4 30. f3 Bd5 31. Ree7 Rg8 32. a4 Ne8 33. Kf2 Nd6 34. Red7 Nf5 35. a5 Nxd4 36. a6 Nb5 37. Rab7 Be6 38. Re7 Bd5 39. a7 Nxa7 40. Rxa7 Kh7 41. Rac7 Kg6 42. g4 Kf6 43. Kg3 g5 44. f4 gxf4+ 45. Kxf4 Rg6 46. Re5 Rg8 47. Rf5+ Kg6 48. h4 h5 49. gxh5+ Kh6 50. Rf6+ 1-0

[Event "Salon de Provence op 1st"]
[Site "Salon de Provence"]
[Date "2006.04.24"]
[Round "1"]
[White "Parroco, Pierre Jean"]
[Black "Brunie, Luce"]
[Result "1-0"]
[WhiteElo "1802"]
[BlackElo "1420"]
[PlyCount "115"]
[EventDate "2006.04.24"]
[EventType "swiss"]
[EventRounds "7"]
[EventCountry "FRA"]
[SourceTitle "CBM 112 Extra"]
[Source "ChessBase"]
[SourceDate "2006.07.14"]
[SourceVersion "1"]
[SourceVersionDate "2006.07.14"]
[SourceQuality "1"]

1. e4 e6 2. d3 d5 3. Nd2 Nf6 4. g3 c6 5. Bg2 e5 6. Ngf3 Bd6 7. 0-0 0-0 8. b3 Be6 9. exd5 cxd5 10. Bb2 Nbd7 11. Re1 Qc7 12. Rc1 Bg4 13. h3 Be6 14. Qe2 Rfe8 15. Ng5 Rac8 16. c4 dxc4 17. Nxe6 Rxe6 18. Nxc4 Rb8 19. Nxe5 Qa5 20. Bc3 Qd8 21. Qb2 Nxe5 22. Bxe5 Bxe5 23. Rxe5 Qxd3 24. Bxb7 Rb6 25. Re3 Qd6 26. Bf3 Kf8 27. Rd1 Qb4 28. a3 Qc5 29. b4 Qc7 30. Rc1 Qd6 31. Qc3 Qd7 32. Bc6 Qxh3 33. Qc5+ Kg8 34. Bf3 h5 35. Rc4 g6 36. Rh4 Qc8 37. Rc4 Qh3 38. Rec3 Re6 39. Re3 Rxe3 40. Qxe3 Qd7 41. Qd4 Qxd4 42. Rxd4 Kg7 43. Rd6 Rc8 44. Ra6 Rc3 45. Kg2 Rc7 46. b5 Nd7 47. Rc6 Rxc6 48. bxc6 Nb6 49. c7 Kf8 50. Bb7 Ke8 51. c8Q+ Nxc8 52. Bxc8 Ke7 53. a4 Kd6 54. f4 Kc7 55. Ba6 Kb6 56. Bb5 a6 57. Be8 Ka5 58. Bxf7 1-0